Seals and sealing handbook (Record no. 36473)

MARC details
000 -LEADER
fixed length control field 00284nam a2200109Ia 4500
082 ## - DEWEY DECIMAL CLASSIFICATION NUMBER
Classification number 621.762(035)
Item number WAR
100 ## - MAIN ENTRY--AUTHOR NAME
Personal name Warring, R H
245 #0 - TITLE STATEMENT
Title Seals and sealing handbook
260 ## - PUBLICATION, DISTRIBUTION, ETC. (IMPRINT)
Place of publication England
Name of publisher Trade and technical
Year of publication 1981
942 ## - ADDED ENTRY ELEMENTS (KOHA)
Koha item type Books
Holdings
Withdrawn status Lost status Damaged status Not for loan Home library Current library Date acquired Cost, normal purchase price Full call number Accession Number Koha item type
        RRII Library RRII Library 16/12/2021 42.00 621.762(035) WAR 16879 Books